000 00374 a2200169 4500
001 70426
020 _a9788537304262
040 _cAnchieta - Itaigara
100 _aVicente, Valéria
240 1 0 _aBrincando maracatu
_lpor
245 1 0 _aBrincando maracatu
300 _a41
362 0 _a2008
440 1 _aBagaço
650 4 _aLiteratura infanto-juvenil
942 _cBK
999 _c70426
_d70426